Entre la autonomia y la subordinación: política de los países latinoamericanos /

Salvato in:
Dettagli Bibliografici
Autore principale: Muñoz, Heraldo
Altri autori: comp Tulchin, Joseph S comp
Natura: testo
Pubblicazione: Buenos Aires: Grupo Editor Latinoamericano
Tags: Aggiungi Tag
Nessun Tag, puoi essere il primo ad aggiungerne!!

MARC

LEADER 00000 a a2200000 04500
001 25712
003
040
020 |a 950-9432-01-6  
090 |a 177704  
100 |a Muñoz, Heraldo  
245 |a Entre la autonomia y la subordinación: política de los países latinoamericanos /  |c Heraldo Muñoz 
260 |a Buenos Aires:   |b Grupo Editor Latinoamericano  
300 |a 258 p; Tomo. 2  
700 |a comp   |a Tulchin, Joseph S   |a comp  
999 |c 15845  |d 15845